FINA World Aquatics Championship Host Countries - Statistics

General Stats
  • This quiz has been taken 18 times
  • The average score is 17 of 22
Answer Stats
Year of Championship Host Country % Correct
2011 China
100%
2005 Canada
94%
1994 Italy
94%
2009 Italy
94%
2001 Japan
94%
2022 Japan
94%
2019 South Korea
94%
1991 Australia
88%
1998 Australia
88%
2007 Australia
88%
2015 Russia
88%
2025 Russia
88%
1986 Spain
88%
2003 Spain
88%
2013 Spain
88%
2017 Hungary
81%
2027 Hungary
81%
1973 Yugoslavia
69%
2023 Qatar
56%
1978 West Germany
44%
1975 Colombia
19%
1982 Ecuador
13%
No matching quizzes found
Score Distribution
Percent of People with Each Score
Percentile by Number Answered
Your Score History
You have not taken this quiz